[Event "Rijeka op"]
[Site "Rijeka"]
[Date "2007.11.30"]
[Round "7"]
[White "Kranjcevic, Mario"]
[Black "Fucak, Emilijo"]
[Result "0-1"]
[WhiteElo "2211"]
[BlackElo "2296"]
[PlyCount "80"]
[EventDate "2007.11.25"]
[EventType "swiss"]
[EventRounds "9"]
[EventCountry "CRO"]
[SourceTitle "CBM 121 Extra"]
[Source "ChessBase"]
[SourceDate "2008.01.10"]
[SourceVersion "1"]
[SourceVersionDate "2008.01.10"]
[SourceQuality "1"]

1. g3 Nf6 2. Bg2 e5 3. c4 c6 4. d4 Bb4+ 5. Bd2 Bxd2+ 6. Qxd2 e4 7. d5 0-0 8. Nc3 Re8 9. e3 cxd5 10. Nxd5 d6 11. Rd1 Bg4 12. Ne2 Nbd7 13. h3 Bf3 14. Bxf3 exf3 15. Nec3 Nxd5 16. Qxd5 Ne5 17. b3 Qf6 18. Qxd6 Re6 19. Qd4 Rae8 20. Nd5 Qh6 21. Nc7 Nc6 22. Qf4 g5 23. Qxf3 Rf6 24. Qg2 Rc8 25. Nd5 Re6 26. 0-0 Qg7 27. Rd2 f5 28. f4 g4 29. hxg4 Qxg4 30. e4 fxe4 31. f5 Rh6 32. Rf4 Qg5 33. Qxe4 Kh8 34. Qe3 Rg8 35. Rg2 Qh5 36. Qc3+ Rg7 37. f6 Rf7 38. Qe1 Ne5 39. g4 Qh1+ 40. Kf2 Nd3+ 0-1

[Event "Rijeka op"]
[Site "Rijeka"]
[Date "2007.11.27"]
[Round "4"]
[White "Sebenik, Matej"]
[Black "Kranjcevic, Mario"]
[Result "1-0"]
[WhiteElo "2480"]
[BlackElo "2211"]
[PlyCount "123"]
[EventDate "2007.11.25"]
[EventType "swiss"]
[EventRounds "9"]
[EventCountry "CRO"]
[SourceTitle "CBM 121 Extra"]
[Source "ChessBase"]
[SourceDate "2008.01.10"]
[SourceVersion "1"]
[SourceVersionDate "2008.01.10"]
[SourceQuality "1"]

1. Nf3 Nf6 2. c4 c5 3. Nc3 Nc6 4. g3 Nd4 5. e3 Nxf3+ 6. Qxf3 g6 7. Bg2 Bg7 8. 0-0 0-0 9. d4 d6 10. h3 Nd7 11. Rd1 Rb8 12. Qe2 a6 13. b3 b5 14. cxb5 axb5 15. Nxb5 Ba6 16. a4 Qb6 17. Ra2 Rfc8 18. Bf1 cxd4 19. exd4 Bxd4 20. Qxe7 Bxb5 21. axb5 Ne5 22. Ra6 Bxf2+ 23. Kg2 Qc5 24. Qxd6 Qc2 25. Qxe5 Be3+ 26. Bd2 Re8 27. Re6 fxe6 28. Bc4 Bxd2 29. Bxe6+ Rxe6 30. Qxe6+ Kg7 31. Qd7+ Kg8 32. Qd5+ Kg7 33. Rxd2 Qc3 34. Rf2 Qc7 35. Re2 Rd8 36. Qc6 Qf7 37. Qc3+ Kh6 38. Qe3+ Kg7 39. Qe5+ Kh6 40. h4 Rd7 41. b4 Rd5 42. Qe3+ Kg7 43. b6 Rf5 44. Qd4+ Kh6 45. Rc2 Qb7+ 46. Kh2 Qf3 47. Qd2+ g5 48. Rc5 Qf2+ 49. Qxf2 Rxf2+ 50. Kg1 Rf7 51. hxg5+ Kg6 52. b5 Rb7 53. Rc7 Rb8 54. b7 Kxg5 55. Rxh7 Kg4 56. Kf2 Kf5 57. Ke3 Ke5 58. g4 Rg8 59. g5 Re8 60. Re7+ Rxe7 61. b8Q+ Kd5+ 62. Kf3 1-0

[Event "CRO-chT3"]
[Site "Zadar"]
[Date "1999.??.??"]
[Round "4"]
[White "Kranjcevic, Mario"]
[Black "Bobanac, Miro"]
[Result "0-1"]
[WhiteElo "2180"]
[BlackElo "2250"]
[PlyCount "72"]
[EventDate "1999.??.??"]
[EventType "team"]
[EventRounds "7"]
[EventCountry "CRO"]
[SourceTitle "EXT 2000"]
[Source "ChessBase"]
[SourceDate "1999.11.16"]
[SourceVersion "1"]
[SourceVersionDate "1999.11.16"]
[SourceQuality "1"]

1. Nf3 c5 2. g3 b5 3. Bg2 Bb7 4. 0-0 Nf6 5. b3 d6 6. c4 a6 7. d3 e6 8. Nbd2 Nbd7 9. Bb2 Be7 10. Qc2 0-0 11. e3 Rc8 12. Rfe1 Re8 13. Bh3 Qb6 14. e4 Nf8 15. Nf1 N6d7 16. N3d2 Bf6 17. Ne3 Ng6 18. Bxf6 Nxf6 19. f4 Ne7 20. Nf3 Nc6 21. g4 Nd4 22. Qf2 d5 23. cxd5 exd5 24. g5 dxe4 25. Nxd4 cxd4 26. Bxc8 Rxc8 27. gxf6 dxe3 28. Qxe3 Qxf6 29. Rac1 Re8 30. dxe4 h6 31. e5 Qe6 32. Red1 Qf5 33. Rd4 Re6 34. Rd8+ Kh7 35. Qd3 Be4 36. Rcc8 Bxd3 0-1